Inside knowledge (Record no. 82998)

MARC details
000 -LEADER
fixed length control field 00778cam a22001935a 4500
001 - CONTROL NUMBER
control field L152542
008 - FIXED-LENGTH DATA ELEMENTS--GENERAL INFORMATION
fixed length control field 110325e20110310xxk 000 0 eng d
035 ## - SYSTEM CONTROL NUMBER
System control number (Sirsi) u152542
041 0# - LANGUAGE CODE
Language code of text/sound track or separate title eng
100 1# - MAIN ENTRY--PERSONAL NAME
Personal name Rennison, Andy
245 00 - TITLE STATEMENT
Title Inside knowledge
Remainder of title industrial
260 ## - PUBLICATION, DISTRIBUTION, ETC.
Date of publication, distribution, etc. 2011
490 ## - SERIES STATEMENT
Series statement Construction News
Volume/sequential designation (7208) 10 March 2011, 20-21(2)
520 ## - SUMMARY, ETC.
Summary, etc. Returning consumer confidence and stronger overseas trade are driving hopes of 2011 upturn; project volumes in past six months (August 2010-January 2011); main contract awards, regional change since 2008; top 10 clients and contractors for industrial (number of projects in 2010 and value £m).
590 ## - LOCAL NOTE (RLIN)
Local note KA
651 #4 - SUBJECT ADDED ENTRY--GEOGRAPHIC NAME
Geographic name United Kingdom
Chronological subdivision
690 ## - LOCAL SUBJECT ADDED ENTRY--TOPICAL TERM (OCLC, RLIN)
Topical term or geographic name as entry element BUILT ENVIRONMENT-CONSTRUCTION MARKET
942 ## - ADDED ENTRY ELEMENTS (KOHA)
Suppress in OPAC 0
Holdings
Withdrawn status Lost status Source of classification or shelving scheme Damaged status Not for loan Home library Current library Shelving location Date acquired Total Checkouts Full call number Barcode Date last seen Copy number Price effective from Koha item type
    Dewey Decimal Classification     London London Journal article 25/03/2011   L152542 152542-1001 06/08/2019 1 06/08/2019 Journal article